000 00368nam a2200145Ia 4500
008 191206s9999 xx 000 0 und d
020 _a0517572028 :
090 _aPR9199.3.B457
245 0 _acasual brutality
250 _a1st American ed.
260 _aClarkson N. Potter
260 _cc"1989, c1988"
300 _a376 p. ; 24 cm.
999 _c15641
_d15641